Small places, large issues : (Record no. 9433)

MARC details
000 -LEADER
fixed length control field 01620cam a2200445 i 4500
001 - CONTROL NUMBER
control field 20354867
003 - CONTROL NUMBER IDENTIFIER
control field GBCCL
005 - DATE AND TIME OF LATEST TRANSACTION
control field 20241126110712.0
008 - FIXED-LENGTH DATA ELEMENTS--GENERAL INFORMATION
fixed length control field 180212s2015 enka b 001 0 eng d
010 ## -
-- 2017470095
020 ## - INTERNATIONAL STANDARD BOOK NUMBER
International Standard Book Number 9780745336954
Qualifying information (cloth)
020 ## - INTERNATIONAL STANDARD BOOK NUMBER
International Standard Book Number 9780745335933
Qualifying information (Paper)
020 ## - INTERNATIONAL STANDARD BOOK NUMBER
International Standard Book Number 9788131611319
035 ## - SYSTEM CONTROL NUMBER
System control number (OCoLC)ocn920375577
040 ## - CATALOGING SOURCE
Original cataloging agency CDX
Language of cataloging eng
Transcribing agency CDX
Description conventions rda
Modifying agency LTSCA
-- JHE
-- OCLCF
-- OCLCQ
-- CHVBK
-- VRC
-- YDX
-- OCLCO
-- DLC
042 ## -
-- lccopycat
050 00 -
-- GN316
-- .E75 2015
082 04 - DEWEY DECIMAL CLASSIFICATION NUMBER
Classification number 306
Edition information 23
Item number ERI
100 1# - MAIN ENTRY--PERSONAL NAME
Personal name Eriksen, Thomas Hylland,
Relator term author.
9 (RLIN) 16457
245 10 - TITLE STATEMENT
Title Small places, large issues :
Remainder of title an introduction to social and cultural anthropology /
Statement of responsibility, etc. Thomas Hylland Eriksen.
250 ## - EDITION STATEMENT
Edition statement Fourth edition.
250 ## - EDITION STATEMENT
Edition statement Indian edition
264 #1 - PRODUCTION, PUBLICATION, DISTRIBUTION, MANUFACTURE, AND COPYRIGHT NOTICE
Place of production, publication, distribution, manufacture Jaipur :
Name of producer, publisher, distributor, manufacturer Rawat publications,
Date of production, publication, distribution, manufacture, or copyright notice 2020
300 ## - PHYSICAL DESCRIPTION
Extent x, 454 pages :
Other physical details illustrations ;
Dimensions 22 cm.
336 ## - CONTENT TYPE
Content type term text
Content type code txt
Source rdacontent
337 ## - MEDIA TYPE
Media type term unmediated
Media type code n
Source rdamedia
338 ## - CARRIER TYPE
Carrier type term volume
Carrier type code nc
Source rdacarrier
490 1# - SERIES STATEMENT
Series statement Anthropology, culture and society
504 ## - BIBLIOGRAPHY, ETC. NOTE
Bibliography, etc. note Includes bibliographical references (pages 404-434) and index.
650 #0 - SUBJECT ADDED ENTRY--TOPICAL TERM
Topical term or geographic name entry element Ethnology.
9 (RLIN) 5301
650 #0 - SUBJECT ADDED ENTRY--TOPICAL TERM
Topical term or geographic name entry element Sociology.
9 (RLIN) 5297
650 #7 - SUBJECT ADDED ENTRY--TOPICAL TERM
Topical term or geographic name entry element Ethnology.
Source of heading or term fast
Authority record control number or standard number (OCoLC)fst00916106
9 (RLIN) 5301
650 #7 - SUBJECT ADDED ENTRY--TOPICAL TERM
Topical term or geographic name entry element Sociology.
Source of heading or term fast
Authority record control number or standard number (OCoLC)fst01123875
9 (RLIN) 5297
650 #7 - SUBJECT ADDED ENTRY--TOPICAL TERM
Topical term or geographic name entry element Kulturanthropologie
Source of heading or term gnd
9 (RLIN) 16458
650 #7 - SUBJECT ADDED ENTRY--TOPICAL TERM
Topical term or geographic name entry element Ethnologie
Source of heading or term gnd
9 (RLIN) 16459
830 #0 -
-- Anthropology, culture, and society.
-- 16460
906 ## - LOCAL DATA ELEMENT F, LDF (RLIN)
a 7
b cbc
c copycat
d 2
e ncip
f 20
g y-gencatlg
942 ## - ADDED ENTRY ELEMENTS (KOHA)
Source of classification or shelving scheme Dewey Decimal Classification
Koha item type Books
Koha issues (borrowed), all copies 1
Holdings
Withdrawn status Lost status Source of classification or shelving scheme Damaged status Not for loan Home library Current Library Shelving location Date acquired Total checkouts Full call number Barcode Date last seen Date last checked out Copy number Price effective from Koha item type
    Dewey Decimal Classification     GRACE BIBLE COLLEGE GRACE BIBLE COLLEGE General Studies 2022-12-06 1 306 ERI 015921 2025-05-01 2023-10-17 c.1 2022-12-06 Books
© Grace Bible College Library 2025